ESTETIZÁCIA ETICKÝCH A ETIZÁCIA ESTETICKÝCH HODNÔT

Bibliographic Details
Main Author: Sošková, Jana, 1950-2021 (Author)
Format: Article
Language:Slovak
ISBN:8088722209

MARC

LEADER 00000naa a2200000uu 4500
001 vtls011085843
003 SK-MaSNL
005 20260302105257.0
008 210910|1996 xo |||||||||||||||||slo|
015 |a SNBRA 
035 |a (urnnbn)urn:nbn:sk:snk:ar-a0cmbt 
035 |a (uuid)0f11f410-9428-43a8-95d9-ef23ae3904e5 
035 |a urn:nbn:sk:snk-aavs7a 
040 |a SNKBUCL  |b slo  |c SNKBUCL  |e AACR2 
041 0 |a slo 
044 |a xo  |c SK 
100 1 |a Sošková, Jana,  |d 1950-2021  |4 aut  |9 197943 
245 1 0 |a ESTETIZÁCIA ETICKÝCH A ETIZÁCIA ESTETICKÝCH HODNÔT  |c Jana Sošková 
773 0 |t Hodnoty a súčasné etické teórie  |d Prešov : Filozofická fakulta UPJŠ, 1996  |g S. 115-121  |z 8088722209 
958 |a OND 
958 |a article12 
958 |a chapter 
999 |c 1238021  |d 1239951